Les débuts du roman rustique : Suisse - Allemagne -France : 1836-1856 /

Saved in:
Bibliographic Details
Main Author: Zellweger, Rudolf
Format: Book
Language:French
Published: Genève : Slatkine, 1978.
Subjects:
LEADER 01106nam a2200277 a 4500
001 c000337609
003 CARM
005 00000000000000.0
008 830913r19781941fr b 00110 fre d
019 1 |a 2208032  |5 LACONCORD2021 
035 |a (OCoLC)70783732  |5 LACONCORD2021 
040 |a NUN  |c NUN 
100 1 |a Zellweger, Rudolf. 
245 1 4 |a Les débuts du roman rustique :  |b Suisse - Allemagne -France : 1836-1856 /  |c Rudolf Zellweger. 
260 |a Genève :  |b Slatkine,  |c 1978. 
300 |a 381 p. ;  |c 22 cm. 
500 |a Reprint. Originally published: Paris : Droz, 1941. 
500 |a Includes indexes. 
504 |a Bibliography: p. [340]-366. 
650 0 |a Pastoral fiction, Swiss  |x History and criticism. 
650 0 |a Pastoral fiction, German  |x History and criticism. 
650 0 |a Pastoral fiction, French  |x History and criticism. 
852 8 |b CARM  |h A1:AL22C0  |i C10478  |p 0450369  |f BK 
082 0 4 |a 809.93/35  |2 19 
999 f f |i c9b7b46d-184b-52ff-84e8-b7ddcad89a07  |s f27d0638-8a04-5bd6-8adf-9319c2e18a34 
952 f f |p Can circulate  |a CAVAL  |b CAVAL  |c CAVAL  |d CARM 1 Store  |e C10478  |f A1:AL22C0  |h Other scheme  |i book  |m 0450369